000 00715nam a2200205Ii 4500
003 JO-AjNU
008 230605s9999||||xx |||||||||||||| ||und||
017 _a2009/7/2922
040 _aJO-AjNU
_bara
_erda
_cJO-AjNU
041 _aara
050 1 4 _aPJ7745.B8.A17 2009
100 3 _aشرحه وعلق عليه التونجي،محمد,
_eauthor
_922994
245 0 0 _aديوان البحتري، الجزء الثاني
264 3 1 _aعمان:وزارة الثقافة،2009
300 _aج2، 445-847ص
_b يحتوي على فهرس
336 _atext
_btxt
_2rdacontent
337 _aunmediated
_bn
_2rdamedia
338 _avolume
_bnc
_2rdacarrier
650 4 _a شعر عباسي - تاريخ و نقد
_922995
999 _aA8249
_c11817
_d11817